144 mẫu cửa gỗ /

Vai trò của cửa trong kiến trúc công trình; Giới thiệu về cửa gỗ; Minh họa một số cửa thông dụng.

Enregistré dans:
Détails bibliographiques
Auteur principal: Thiên Thanh.
Autres auteurs: Đăng Trí.
Format: Livre
Langue:Vietnamese
Publié: Hà Nội : Văn hóa thông tin, 2004.
Collection:Xây dựng những khu nhà đẹp.
Sujets:
Tags: Ajouter un tag
Pas de tags, Soyez le premier à ajouter un tag!
Thư viện lưu trữ: Mạng thư viện Đại học Đà Nẵng
LEADER 01346cam a2200397 a 4500
001 000044665
003 3071
005 20060512090304.0
008 010307b2004 vm 000 vie
020 |c 30000 
040 |a LRC  |c LRC  |d LRC 
041 1 |a vie 
082 1 4 |a 747.3  |b TH-T 
100 1 |a Thiên Thanh. 
245 1 0 |a 144 mẫu cửa gỗ /  |c Thiên Thanh, Đăng Trí. 
246 3 |a Một trăm bốn bốn mẫu cửa gỗ. 
260 |a Hà Nội :  |b Văn hóa thông tin,  |c 2004. 
300 |a 168 tr. :  |b mh. ;  |c 19 cm. 
440 0 |a Xây dựng những khu nhà đẹp. 
520 3 |a Vai trò của cửa trong kiến trúc công trình; Giới thiệu về cửa gỗ; Minh họa một số cửa thông dụng. 
630 0 4 |a Cửa. 
630 0 4 |a Cửa gỗ. 
650 0 4 |a Trang trí  |x Nội thất. 
700 1 |a Đăng Trí. 
OWN |a DUT 
AVA |a UDN50  |b DUT  |c Book  |d 747.3 TH-T  |e available  |t Error 5001 Not defined in file expand_doc_bib_avail.  |f 5  |g 0  |h N  |i 1  |j SH  |k 1 
999 |a From the UDN01 
AVA |a UDN50  |b DUT  |c Book  |d 747.3 TH-T  |e available  |t Error 5001 Not defined in file expand_doc_bib_avail.  |f 5  |g 0  |h N  |i 1  |j SH  |k 1 
TYP |a Monograph 
TYP |a Printed language 
980 |a Mạng thư viện Đại học Đà Nẵng